La vie après la mort, ou, La vie future selon le christianisme la science et notamment les magnifiques découvertes de l'astronomie moderne

Detalles Bibliográficos
Autor principal: Pioger, L. M.
Formato: Libro
Lenguaje:French
Publicado: Paris 18--
Edición:Dixième édition
Materias:
Colección:Banco de datos
Acervo:Biblioteca de la Congregación del Oratorio de San Felipe Neri de México. Iglesia La Profesa
Descripción Física:V, 400 p. 18 cm.
Tema general:Filosofía
Notas:Encuadernación en cartón con lomo en piel. Sello en tinta del Oratorio de San Felipe Neri de México. Biblioteca La Profesa, D.F.
LEADER 01089nam a22002050004500
035 |a 1711 
041 0 |a fre 
100 1 |a Pioger, L. M. 
245 1 0 |a La vie après la mort, ou, La vie future selon le christianisme la science et notamment les magnifiques découvertes de l'astronomie moderne  |c par l'abbé L. M. Pioger du clergé de Paris, chevalier de la légion d'honneur, membre et lauréat de plusieurs académies et Sociétés Savantes 
250 |a Dixième édition 
260 |a Paris  |b René Haton, libraire-éditeur  |c 18--  
300 |a V, 400 p.  |c 18 cm. 
500 |a Encuadernación en cartón con lomo en piel. Sello en tinta del Oratorio de San Felipe Neri de México. Biblioteca La Profesa, D.F. 
504 |a Índice de materias 
650 1 0 |a Filosofía 
740 0 |a La vie future selon le christianisme la science et notamment les magnifiques découvertes de l'astronomie moderne 
949 |a Iglesia La Profesa, Biblioteca 3268 
942 |c PROFESA 
943 |g Biblioteca de la Congregación del Oratorio de San Felipe Neri de México. Iglesia La Profesa 
999 |c 948522  |d 948522